000 00258nam a2200097Ia 4500
008 171211s9999 xx 000 0 und d
245 _aJust Tanks! Big Book Of Photos Volume 1. Just Pictures Of Tanks
245 _cOther
260 _c2012
650 _xMilitary
999 _c348298
_d348298